00608nam a2200169 a 4500008004100000050001600041100001800057245001400075246003700089250001200126260002800138300002100166350000900187995009300196999001700289952013200306120416s1970 ||||||||||||||||| || u aHF 5549 Bea aBeach, Dale S10aPersonnel athe management of people at work a2nd ed. aLondonbMacmillanc1970 axvi, 844p. : ill a0.00 D0.00FCBU-MAIN LIBRARY (Kitwe)H1I23.95UAVAILABLEZMain Library Open Access Collection c53395d53395 00102lcc4070a001b001cMain Library Open Access Collectiond2022-11-30l0oHF 5549 Beap021395r2022-11-30w2022-11-30y002